000 00415nam a2200169Ia 4500
008 220803s9999 xx 000 0 und d
020 _a9789386228567
041 _aeng
082 _a820
100 _aGanguly S.
_926250
245 _aCentury Is Not Enough.
260 _aNew Delhi
_bJuggernaut Books
_c2018
300 _a264p
500 _a35
650 _aArchitecture
_926251
700 _aBhattacharya G
_926252
999 _c16837
_d16837